| 000 | 00000nam 2200000zi 4500 |
| 001 | 9.939857 |
| 003 | CaOODSP |
| 005 | 20240626113849 |
| 006 | m o d f |
| 007 | cr bn||||||||| |
| 008 | 240626t19841984onca ob f000 0 eng d |
| 020 | |a066253056X |q(bilingual ; |qprint) |
| 040 | |aCaOODSP|beng|erda|cCaOODSP |
| 043 | |an-cn-on|an-cn-qu|an-us-ny |
| 086 | 1 |aEn42-1/0-2-1E-PDF |
| 086 | 1 |aEn49-1/2-1 |
| 100 | 1 |aElder, F. C., |eauthor. |
| 245 | 10|aEffects of nitrate on the acidification of the aquatic system / |cF.C. Elder, Canada Centre for Inland Waters, Environment Canada. |
| 264 | 1|a[Ottawa] : |b[Environmental Protection Service], |c1984. |
| 264 | 4|c©1984 |
| 300 | |a1 online resource (14 pages) : |billustrations. |
| 336 | |atext|btxt|2rdacontent |
| 337 | |acomputer|bc|2rdamedia |
| 338 | |aonline resource|bcr|2rdacarrier |
| 490 | 1 |a[Environmental Protection Service report series] |
| 500 | |aIssued also in French under title: Effets du nitrate sur l'acidification du milieu aquatique. |
| 500 | |a"Report EPS 2/TS/1, April 1984." |
| 500 | |aDigitized edition from print [produced by Environment and Climate Change Canada]. |
| 504 | |aIncludes bibliographical references. |
| 650 | 0|aAcid pollution of rivers, lakes, etc.|zOntario. |
| 650 | 0|aNitrates|xEnvironmental aspects|zOntario. |
| 650 | 0|aAcid pollution of rivers, lakes, etc.|zQuébec (Province) |
| 650 | 0|aNitrates|xEnvironmental aspects|zQuébec (Province) |
| 650 | 0|aAcid pollution of rivers, lakes, etc.|zNew York (State) |
| 650 | 0|aNitrates|xEnvironmental aspects|zNew York (State) |
| 710 | 1 |aCanada. |bEnvironmental Protection Service, |eissuing body. |
| 775 | 08|tEffets du nitrate sur l'acidification du milieu aquatique / |w(CaOODSP)9.939859 |
| 830 | #0|aEnvironmental Protection Service report series.|w(CaOODSP)9.866031 |
| 856 | 40|qPDF|s349 KB|uhttps://publications.gc.ca/collections/collection_2024/eccc/en42/En42-1-0-2-1-eng.pdf |